• 首页
  • 本馆介绍
  • 公告通知
  • 最新文献
  • 馆藏检索
  • 电子资源
  • 读者导购
  • 参考咨询
  • 我的图书馆
  • 登录
  • 详细信息显示
  • 放入我的书架
  • 预约/预借图书
  • 作者相关作品
  • 分类相关作品
  • 丛书相关作品
  • 出版社相关作品

书目信息

  • 表格格式
  • 工作单格式
  • 卡片格式
题名:
车工技术
    
 
作者: 本书编写组 编
分册:  
出版信息: 北京   国防工业出版社  1973.08
页数: 416页
开本: 18cm
丛书名:
单 册:
中图分类: TG5
科图分类:
主题词: 金属切削 , 机床 , 金属加工--机具
电子资源:
ISBN:
000 00564nam0 2200217 45
001 0405211474
005 20060913104121.39
010    @dCNY0.80
100    @a20040521d1973 km y0chiy0120 ea
101 0  @achi
200 1  @a车工技术@AChe Gong Ji Shu@f本书编写组编@FBen Shu Bian Xie Zu Bian
210    @a北京@c国防工业出版社@d1973.08
215    @a416页@d18cm
300    @a工人普及读物
606 0  @a金属切削
606 0  @a机床
606 0  @a金属加工@x机具
690    @aTG5@v3
701  0 @a本书编写组@4编
801    @aCN@bPftUser@c20060913
905    @f1@b17214@dTG5@e36
    
    车工技术/本书编写组编.-北京:国防工业出版社,1973.08
    416页;18cm
    工人普及读物
    
    ISBN :CNY0.80
    
●
相关链接 在E读中查询图书 在五车中查询图书 在当当中查询图书 在豆瓣中查询图书


正题名:车工技术     索取号:TG5/36         预约/预借

序号 登录号 条形码 馆藏地/架位号 状态 备注
1 0017214   001362910   第三借阅区/ [索取号:TG5/36] 在馆    
2 0470526   204705266   密集书库/ [索取号:TG5/36] 在馆    
唐山师范学院图书馆 欢迎您!
大连网信软件有限公司© 版权所有